| 000 | 00668cam a2200229 4500500 | ||
|---|---|---|---|
| 005 | 20260329005604.0 | ||
| 041 | _afre | ||
| 042 | _adc | ||
| 100 | 1 | 0 |
_aLegros, Martin _eauthor |
| 245 | 0 | 0 | _a“Les Rebelles magnifiques” : le romantisme retrouvé |
| 260 | _c2024. | ||
| 500 | _a57 | ||
| 690 | _aAllemagne | ||
| 690 | _aHerder | ||
| 690 | _aMartin Legros | ||
| 690 | _aNovalis | ||
| 690 | _aRévolution | ||
| 690 | _aRomantisme | ||
| 690 | _aSchlegel | ||
| 786 | 0 | _nPhilosophie magazine | 178 | 4 | 2024-04-01 | p. 41-42 | 1951-1787 | |
| 856 | 4 | 1 | _uhttps://shs.cairn.info/magazine-philosophie-magazine-2024-4-page-41?lang=fr&redirect-ssocas=7080 |
| 999 |
_c1844792 _d1844792 |
||